00523nam a2200181 a 4500003000400000005001700004008004100021020002900062040001700091082001300108100001700121245010100138260003600239300001100275650001200286700001800298700002500316IIN20251029125122.0231217s9999 xx 000 0 und d cRs.335.00a9789395951289 aIINbEnglish a611bBHI1 aBhise, S.B.  2aA Textbook of Applied Anatomy: bfor B.Sc Nursing /cS.B. Bhise, A.V. Yadav & Asma Murad Mujawar bNirali Prakashan:aPune,c2023. a266 p.1 aAnatomy1 aYadav , A.V. 1 aMujawar, Asma Murad